La novela chilena del grabado (Record no. 500)

MARC details
000 -LEADER
campo de control de longitud fija 00517nam a22001577a 4500
008 - DATOS DE LONGITUD FIJA--INFORMACIÓN GENERAL
campo de control de longitud fija 150327b xxu||||| |||| 00| 0 eng d
020 ## - NÚMERO INTERNACIONAL ESTÁNDAR DEL LIBRO
Número Internacional Estándar del Libro 95673048
082 ## - NÚMERO DE LA CLASIFICACIÓN DECIMAL DEWEY
Número de clasificación 760.983
Número de ítem P 293n
100 ## - ENTRADA PRINCIPAL--NOMBRE DE PERSONA
Nombre de persona Pastor Mellado, Justo
9 (RLIN) 2347
245 ## - MENCIÓN DEL TÍTULO
Título La novela chilena del grabado
Mención de responsabilidad, etc. Pastor Mellado, Justo
260 ## - PUBLICACIÓN, DISTRIBUCIÓN, ETC.
Lugar de publicación, distribución, etc. Santiago de Chile
Nombre del editor, distribuidor, etc. Editorial Economias de Guerra
Fecha de publicación, distribución, etc. 1995
300 ## - DESCRIPCIÓN FÍSICA
Extensión 190 p.
Dimensiones 17.5 cm
440 ## - MENCIÓN DE SERIE/PUNTO DE ACCESO ADICIONAL--TÍTULO
Título Coleccion Jovialidades
9 (RLIN) 2348
650 ## - PUNTO DE ACCESO ADICIONAL DE MATERIA--TÉRMINO DE MATERIA
Subdivisión general Grabado
-- Arte
-- Historia
Subdivisión geográfica Chile
9 (RLIN) 2349
700 ## - ENTRADA AGREGADA--NOMBRE PERSONAL
Nombre de persona Justo Pastor Mellado
9 (RLIN) 867
Holdings
Estatus retirado Estado de pérdida Fuente del sistema de clasificación o colocación Estado de daño No para préstamo Biblioteca de origen Biblioteca actual Ubicación en estantería Fecha de adquisición Total de préstamos Signatura topográfica completa Código de barras Visto por última vez Precio de reemplazo Tipo de ítem Koha
    Clasificación Decimal Dewey     Biblioteca LadoV Biblioteca LadoV   27/03/2015   760.983 P 293n 000395 27/03/2015 27/03/2015 Material 01